00863nam a2200193Ia 450000500170000000800410001702000150005805000210007311000540009424501150014825000180026326000300028130000370031133600100034833700140035833800120037250502610038465000240064520231102151247.0120720s1999 mx a 000 0 spa d a9706650121 aHF5667bN51 1999 aInstituto Mexicano de Contadores Públicos, A.C. aNormas Internacionales de Auditoríac / Emitidas por el Comité Internacional de Prácticas de Auditoría a4a. edición aMéxicob : IMCPc, 1999 a1011 páginasb : ilustraciones atexto asin medio avolumen aAsuntos introductorios Responsabilidades Planeación Control interno Evidencia de auditoría Uso del trabajo de otros Conclusiones y dictamen de auditoría Áreas especializadas Servicios Relacionados (SRs) Declaraciones Internacionales de Auditoría 14aAUDITORÍAxNORMAS